000 00316nam a22001217a 4500
008 180522b xxu||||| |||| 00| 0 eng d
041 _aeng
080 _a043.3
100 _a0
101 _aSHKI-MA
245 _aSiguria e te dhenave ne Sistemin e Informacionit Shendetsore ne Kosove
_cShamolli, M
942 _2udc
_cBK
999 _c46203
_d46203